Hoi4 Red Flood All Countries Quiz - Statistics

General Stats
  • This quiz has been taken 140 times
  • The average score is 74 of 167
Answer Stats
Europe % Correct
Ma Clique
97%
United States of America
95%
Avant-Garde France
92%
United Kingdom
88%
Russian Empire
88%
Dominion of Canada
85%
Helvetic Fellowship
85%
Spanish Republic
81%
Commonwealth of Poland
78%
Mexico
78%
Belgian Army Remnants
76%
Grand Duchy of Finland
76%
Hungarian Republic of Councils
76%
Fujian Government
75%
Kingdom of Portugal
75%
Kingdom of Sweden
75%
Nanjing Government
75%
Australia
73%
Kingdom of Italy
73%
Austrian Empire
71%
Empire of Japan
71%
German Socialist Räterepublik
71%
Ireland
71%
Irish Republic
71%
Kingdom of Norway
71%
Muscat and Oman
71%
Norwegian People's State
71%
People's Republic of Denmark
71%
Ukrainian People's Republic
71%
Argentina
69%
Brazilian Popular Republic
69%
Colombia
69%
Cuba
69%
Kingdom of the Netherlands
69%
Haiti
68%
Paraguay
68%
Bolivia
66%
Chile
66%
El Salvador
66%
Kingdom of Greece
66%
New Zealand
66%
South Eastern Union
66%
Uruguay
66%
Venezuela
66%
Ecuador
64%
Guatemala
64%
Shahdom of Persia
64%
Anatolian Vilayets
63%
AYR Thracia
63%
Honduras
63%
Kingdom of Egypt
63%
Panama
63%
Dominican Republic
61%
Kingdom of Romania
61%
Korean Governorate
61%
Lithuanian Republic
61%
Peruvian Communal Republic
61%
Slovak Republic of Councils
61%
Yugoslav State
61%
Costa Rica
59%
Kingdom of Siam
59%
South Africa
59%
Federal Republic of India
58%
Kingdom of Albania
58%
Kingdom of Syria
58%
Mandatory Iraq
58%
Mongolian People's Army
58%
Syrian Republic
58%
Belarussian Democratic Republic
56%
Congolese Republic
56%
Iceland
56%
People's Republic of the Congo
56%
Prussian Congo
56%
Kingdom of Yemen
54%
Sultanate of Nejd
54%
Baltic Governate-General
51%
Fédération du Soudan
51%
Kingdom of Afghanistan
49%
Nigeria
49%
Republic of Armenia
49%
Republic of Mali
49%
Andorra
47%
Burma
47%
Dutch East Indies
47%
Kingdom of the Sudan
47%
Mantetsu
47%
United States of Malaya
47%
Prussia
46%
Senussi Emirate
46%
Kingdom of Moroc-Songhrati
44%
Fiume
41%
Lebanon
41%
San Marino
41%
Siberian Governate-General
41%
Tibet
41%
Guinean Condominium
39%
Liberia
39%
Malagasy Kingdom
39%
Republic of Guinea
39%
Republic of Madagascar
39%
Leonine City
37%
Republic of Moldova
37%
Empire of Indochina
36%
Kavkaz Society
36%
Kazan Military District
34%
Ceylon
32%
Kurdistan
32%
Nepal
32%
Xinjiang Clique
32%
Emirate of Turkestan
31%
Republic of Turkestan
31%
Sublime Porte
31%
Turkestan Governate-General
31%
Bhutan
29%
Mahdist Chad
29%
Caribbean Futuriste
27%
Kingdom of Montenegro
27%
Transylvanian Republic of Councils
27%
Dutch New Guinea
25%
Far Eastern Governate-General
25%
Yunnan Clique
25%
Philippine Commonwealth
24%
Walloon Free State
24%
United Provinces
22%
Beiyang Government
20%
Assyria
19%
East African Federation
19%
Kingdom of Hejaz
19%
West African Federation
19%
Danzig
15%
Hyderabad
15%
Westralia
15%
Zheltorossiya
15%
Altai Confederation
14%
Anhui Clique
14%
Kingdom of Mysore
14%
Liangguang Clique
14%
Madras Presidency
14%
Sichuan Clique
14%
Tuareg Territory
14%
Hunan Clique
12%
Imperial Authority
12%
Assam
10%
Kingdom of Travancore
10%
Portuguese East Africa
10%
Portuguese West Africa
10%
Transcaspian Protectorate
10%
Upper Volta
10%
Punjab Province
8%
Yishuv
8%
Central African Federation
7%
Hindustan Socialist Republic
7%
Kingdom of Kashmir
7%
Republic of Bharat
7%
Adamawa
5%
Gbayaland
5%
Republic of Dinia
5%
Transbaikal
5%
Aden Protectorate
3%
Alexandretta
3%
Bangistan
3%
Khorezm
3%
Khüree
3%
Lam
3%
Kerguelen
2%
Latakia
2%
Novorossiyan Governate-General
0%
No matching quizzes found
Score Distribution
Percent of People with Each Score
Percentile by Number Answered
Your Score History
You have not taken this quiz